000 00775cam a2200229u 4500
999 _c4298
_d4298
001 8734474
003 GBCCL
005 20241126110515.0
008 830419s1925 enk 000 0beng
010 _a 26002736
040 _aDLC
_cCarP
_dDLC
050 0 0 _aBS2650
_b.R6
082 _a227.06
_bROS
100 1 _aRoss, D. M.
_q(David Morison),
_d1852-
_98113
245 1 4 _aThe spiritual genius of St. Paul;
_ba contribution towards the reinterpretation of his message,
260 _aLondon,
_bHodder and Stoughton, Limited
_c[1925]
300 _axv, [17]-254 p.
_c20 cm.
600 0 0 _aPaul,
_cthe Apostle, Saint.
_91848
630 0 0 _aBible.
_pEpistles of Paul
_xCriticism, interpretation, etc.
_92197
906 _a0
_bcbc
_cpremunv
_du
_encip
_f19
_gy-gencatlg
942 _2ddc
_cBK
_01